000 01072nam a2200277 a 4500
001 43787
003 BD-RjUL
005 20211209053743.0
008 160627s1954 nyua 000 0 eng u
035 _a(BD-RjUL)43905
035 _a(CStRLIN)NYBGAEB8178-B
040 _cWSU
_dm.c.
_dAKR
_dBNG
_dBD-RjUL
_aBD-RjUL
_beng
041 _aeng
082 _a338.1
_223
_bTOG 1954
100 1 0 _aTostlebe, Alvin S.
_q(Alvin Samuel),
_d1894-
_9134583
245 1 0 _aThe growth of physical capital in agriculture, 1870-1950 /
_c by Alvin S.Tostlebe
260 _aNew York :
_bNational Bureau of Economic Research,
_cc1954
300 _axii, 92 p. :
_bill. ;
_c23 cm.
490 1 _aNational Bureau of Economic Research. Occasional paper ;
490 0 _aStudies in capital formation and financing
650 0 _aCapital
_zUnited States.
_9134584
650 0 _aAgriculture
_xEconomic aspects
_zUnited States.
_9134585
710 1 _aUnited States.
_bBureau of Agricultural Economics.
_9134586
830 0 _aOccasional paper (National Bureau of Economic Research) ;
_9134556
942 _2ddc
_cBK
999 _c43787
_d43787